| 000 | 00627nam a22001817a 4500 | ||
|---|---|---|---|
| 003 | CEME | ||
| 005 | 20210628203224.0 | ||
| 008 | 210119b xxu||||| |||| 00| 0 eng d | ||
| 020 | _a0-07-253797-3 | ||
| 040 | _cceme | ||
| 082 | _a658.049 INT | ||
| 100 |
_aBall , Donald . A , Mcculloch, Wendell .H , Frantz, Paul L _964090 |
||
| 245 | _aInternational business , the challenge of global competition | ||
| 260 |
_aNEW YORK _bMCGRAW HILL _c2004 |
||
| 300 | _aXXV,750 P | ||
| 650 |
_aINTERNATIONAL BUSINESS ENTERPRISES -MANAGEMENT, INERNATIONAL BUSINESS ENTERPRISES, INTERNATIONAL ECONOMIC RELATIONS _964091 |
||
| 942 |
_cBK _2ddc |
||
| 999 |
_c572716 _d572716 |
||